|
|
|
|
| LEADER |
02271nam a2200589 a 4500 |
| 001 |
nkc20051634869 |
| 003 |
CZ PrNK |
| 005 |
20060614092519.0 |
| 007 |
ta |
| 008 |
051213s2005 xr f o 001 0 cze |
| 015 |
|
|
|a cnb001634869
|
| 020 |
|
|
|a 80-7215-260-2
|q (váz.)
|
| 035 |
|
|
|a (OCoLC)84690912
|
| 040 |
|
|
|a ABA001
|b cze
|
| 043 |
|
|
|a e-xr---
|
| 045 |
|
|
|a x6x9
|
| 072 |
|
7 |
|a 655
|x Polygrafie. Vydavatelství a knižní obchod
|2 Konspekt
|9 12
|
| 080 |
|
|
|a 821.162.3
|2 MRF
|
| 080 |
|
|
|a 82.09
|2 MRF
|
| 080 |
|
|
|a 070.447
|2 MRF
|
| 080 |
|
|
|a 655.4/.5+070
|2 MRF
|
| 080 |
|
|
|a (437.3)
|2 MRF
|
| 080 |
|
|
|a (081)
|2 MRF
|
| 100 |
1 |
|
|a Lopatka, Jan,
|d 1940-1993
|7 jk01072390
|4 aut
|
| 245 |
1 |
0 |
|a Posudky /
|c Jan Lopatka ; [uspořádal, k vydání připravil, komentoval, doslov napsal a jmenný rejstřík sestavil Michael Špirit]
|
| 250 |
|
|
|a Vyd. 1.
|
| 260 |
|
|
|a Praha :
|b Torst,
|c 2005
|
| 300 |
|
|
|a 415 s. ;
|c 20 cm
|
| 490 |
1 |
|
|a Malá řada kritického myšlení
|
| 500 |
|
|
|a Vydáno ve spolupráci s Ministerstvem kultury ČR v rámci projektu Literatura a autoři České republiky
|
| 500 |
|
|
|a Název edice z přebalu
|
| 504 |
|
|
|a Obsahuje bibliografické odkazy a rejstřík
|
| 600 |
1 |
7 |
|a Lopatka, Jan,
|d 1940-1993
|7 jk01072390
|2 czenas
|
| 648 |
|
4 |
|a 1956-
|
| 648 |
|
7 |
|a 20. století
|7 ch460558
|2 czenas
|
| 650 |
0 |
7 |
|a česká literatura
|7 ph116858
|y 1956-
|2 czenas
|
| 650 |
0 |
7 |
|a literárněvědné rozbory
|7 ph138745
|2 czenas
|
| 650 |
0 |
7 |
|a recenze
|7 ph125047
|z Česko
|y 20. stol.
|2 czenas
|
| 650 |
0 |
7 |
|a vydavatelská činnost
|7 ph120092
|z Česko
|y 20. stol.
|2 czenas
|
| 650 |
0 |
9 |
|a Czech literature
|y 1956-
|x history and criticism
|2 eczenas
|
| 650 |
0 |
9 |
|a reviews
|z Czechia
|y 20th century
|2 eczenas
|
| 650 |
0 |
9 |
|a publishing
|z Czechia
|y 20th century
|2 eczenas
|
| 655 |
|
7 |
|a sborníky
|7 fd724345
|2 czenas
|
| 655 |
|
9 |
|a collections of works
|2 eczenas
|
| 700 |
1 |
|
|a Špirit, Michael,
|d 1965-
|7 jn20001103589
|4 waw
|4 cwt
|4 edt
|
| 710 |
1 |
|
|a Česko.
|b Ministerstvo kultury
|7 kn20010725018
|
| 830 |
|
0 |
|a Malá řada kritického myšlení
|0 s
|
| 910 |
2 |
|
|a BOA001
|b 2-1170.029
|
| 990 |
|
|
|a BK
|
| 995 |
|
|
|a 01
|
| 991 |
|
|
|b 200606
|c NOV
|
| 996 |
6 |
|
|b 2610282171
|c 2-1170.029
|l Stud. humanitních věd/4.patr
|r Sklad / do 1 hodiny
|n 11
|p p.v.
|w 000818255
|u 000010
|a 1
|e BOA001
|j MZK50
|s P
|